000 01159nmm a2200349 a 4500
001 ocm000571009
003 TR-IsHL
005 20201028120225.0
008 130625s2000 tu tur
007 cr cn
020 _a9789755125114
035 _a571009
_b(N$T)
050 0 4 _aHC491
_b.B37 2000
090 0 4 _aHC491
_b.B37 2000
245 1 0 _aBaşarılı vergi mükellefleri 1999
_h[electronic resource] /
_cİstanbul Ticaret Odası
250 _a1. bs.
260 _aİstanbul :
_bİstanbul Ticaret Odası,
_c2000
300 _a80 p.
650 4 _aEkonomi ve Finans
650 4 _aEconomics and Finance
650 0 _aTürkiye
_x Ekonomi politikası
650 0 _aTurkey
_x Economic policy
650 0 _aTürkiye
_x Ekonomik koşullar
650 0 _aTurkey
_x Economic conditions
650 0 _aEkonomi
_x Türkiye
650 0 _aEconomics
_x Turkey
650 0 _aİhracatçılar
_x Türkiye
650 0 _aExporters
_x Turkey
650 7 _aBUSINESS & ECONOMICS / Economic Conditions
_2bisacsh
700 1 _aİstanbul Ticaret Odası
856 4 0 _uhttp://search.ebscohost.com/login.aspx?direct=true&scope=site&db=e011xww&AN=571009
999 _c672
_d672